Cavan Quiz - Statistics

General Stats
  • This quiz has been taken 38 times
  • The average score is 10 of 16
Answer Stats
Hint Answer % Correct
Largest And County Town Cavan
96%
Province Cavan Is In Ulster
96%
Counties That Border Cavan Monaghan
92%
Number Of Lakes 365
88%
Longford
88%
Meath
88%
Fermanagh
85%
Leitrim
85%
The Two Colours On The Cavan Flag Blue And White
77%
Closest City Dublin
77%
Westmeath
77%
The Second Largest Town Bailieborough
35%
Population Of County Cavan 76,000
19%
Cavan Was Founded In 1300
8%
Cavans Land Area In Square Kilometers Is 1,932
8%
Mayor Of Cavan Town Andrew Boylan
4%
No matching quizzes found
Score Distribution
Percent of People with Each Score
Percentile by Number Answered
Your Score History
You have not taken this quiz